000
00297nam a2200133Ia 4500
008
190216s9999||||xx |||||||||||||| ||und||
100
_a
Kitaigorodsky
245
0
_a
Photons And Nuclei
250
_a
3rd Ed.
260
_b
Mir Publishers
_c
1988
300
_a
235
650
_a
Physics
942
_c
BK
999
_c
33189
_d
33189